000 00343nam a22001337a 4500
005 20250901165806.0
008 250320b |||||||| |||| 00| 0 eng d
020 _a9966951334
050 _aPL 8708.9 .W35 2005
245 _aInnocence long lost
_cKen Walibora
260 _aNairobi:
_bSasa Sema,
_c2005.
300 _a80 p.:
_c21 cm.
942 _2lcc
999 _c9295
_d9295